Anagrammes d'Acteurs - Statistiques

Statistiques générales
  • Ce quiz a été pris 41 fois
  • Le résultat moyen est 9 sur 20
Statistiques - réponses
Anagrammes Acteurs % Correct
rbceu lwilsi Bruce Willis
89%
jaliu rbeostr Julia Roberts
69%
leenas zogme Selena Gomez
69%
ghhu kcajnma Hugh Jackman
53%
neajulni remoo Julianne Moore
53%
oonlreadr cipdroia Leonardo DiCaprio
53%
cloin hrtif Colin Firth
50%
ltujiete cehboin Juliette Binoche
50%
oagmnr faerenm Morgan Freeman
50%
repier neyin Pierre Niney
47%
derrga udeeiaprd Gerard Depardieu
44%
ajmse rnfaoc James Franco
44%
mada vedrir Adam Driver
42%
eaaintl rmaoptn Natalie Portman
36%
gyornesui revewa Sigourney Weaver
28%
aemm ptoohsnm Emma Thompson
25%
comian llecbicu Monica Bellucci
25%
ijraev embdar Javier Bardem
22%
lvoia savdi Viola Davis
22%
rkiea kgtehynil Keira Knightley
14%
Aucun quiz correspondant
Distribution des résultats
% des personnes avec chaque résultat
Percentile par nombre de réponses
Votre historique - résultats
Vous n’avez pas pris ce quiz